|
|
|
|
| LEADER |
01907nam a2200529 a 4500 |
| 001 |
nkc20102032904 |
| 003 |
CZ PrNK |
| 005 |
20100330111326.0 |
| 007 |
ta |
| 008 |
100209s2010 xr abc e 000 0 cze |
| 015 |
|
|
|a cnb002032904
|
| 020 |
|
|
|a 978-80-86610-46-7
|q (brož.)
|
| 035 |
|
|
|a (OCoLC)607528375
|
| 040 |
|
|
|a BOA001
|b cze
|d OLA001
|d ABA001
|
| 043 |
|
|
|a e-xr---
|a x------
|
| 045 |
|
|
|a y0y0
|
| 072 |
|
7 |
|a 913
|x Regionální geografie
|2 Konspekt
|9 7
|
| 080 |
|
|
|a 910.4-051
|2 MRF
|
| 080 |
|
|
|a 797.14
|2 MRF
|
| 080 |
|
|
|a 910.4(100)
|2 MRF
|
| 080 |
|
|
|a 908(100)
|2 MRF
|
| 080 |
|
|
|a (437.3)
|2 MRF
|
| 080 |
|
|
|a (0:82-992)
|2 MRF
|
| 100 |
1 |
|
|a Sýkora, František,
|d 1954-
|7 mzk2010508446
|4 aut
|
| 245 |
1 |
0 |
|a S Karyou kolem světa /
|c František Sýkora
|
| 250 |
|
|
|a 1. vyd.
|
| 260 |
|
|
|a České Budějovice :
|b Studio Gabreta,
|c 2010
|
| 300 |
|
|
|a 165 s., xxxi s. barev. obr. příl. :
|b il. (převážně barev.), mapa, portréty ;
|c 24 cm
|
| 500 |
|
|
|a Terminologický slovník
|
| 500 |
|
|
|a 1000 výt.
|
| 600 |
1 |
7 |
|a Sýkora, František
|7 jx20090227021
|2 czenas
|
| 648 |
|
4 |
|a 2005-2008
|
| 650 |
0 |
7 |
|a cestovatelé
|7 ph119109
|z Česko
|y 20.-21. století
|2 czenas
|
| 650 |
0 |
7 |
|a jachting
|7 ph114810
|z Česko
|y 21. století
|2 czenas
|
| 650 |
0 |
7 |
|a cesty kolem světa
|7 ph119117
|y 21. století
|2 czenas
|
| 650 |
0 |
9 |
|a travellers
|z Czechia
|y 20th-21st centuries
|2 eczenas
|
| 650 |
0 |
9 |
|a yachting
|z Czechia
|y 21st century
|2 eczenas
|
| 650 |
0 |
9 |
|a travels around the world
|y 21st century
|2 eczenas
|
| 651 |
|
7 |
|a země světa
|7 ge131523
|x vlastivěda
|2 czenas
|
| 651 |
|
9 |
|a countries of the world
|x description and travel
|2 eczenas
|
| 655 |
|
7 |
|a cestopisy
|7 fd131956
|2 czenas
|
| 655 |
|
9 |
|a books of travels
|2 eczenas
|
| 910 |
2 |
|
|a BOA001
|b 2-1239.016
|
| 990 |
|
|
|a BK
|
| 995 |
|
|
|a 01
|
| 991 |
|
|
|b 201003
|c NOV
|
| 996 |
6 |
|
|b 2610413313
|c 2-1239.016
|l MZK
|r Sklad / do 1 hodiny
|n 1
|p p.v.
|w 001111592
|u 000010
|a 1
|e BOA001
|j MZK50
|s P
|